Molecular luminescence (Record no. 3294)

MARC details
000 -LEADER
fixed length control field 00719nam a2200205Ia 4500
003 - CONTROL NUMBER IDENTIFIER
control field IN-BaIIA
008 - FIXED-LENGTH DATA ELEMENTS--GENERAL INFORMATION
fixed length control field 211028s9999 xx 000 0 eng d
040 ## - CATALOGING SOURCE
Transcribing agency IIA Library
080 ## - UNIVERSAL DECIMAL CLASSIFICATION NUMBER
Universal Decimal Classification number 535.37(082.1)
Item number LIM
111 ## - MAIN ENTRY--MEETING NAME
Meeting name or jurisdiction name as entry element International Conference on Molecular Luminescence
Location of meeting Chicago
Date of meeting or treaty signing 1968 Aug. 20-23
9 (RLIN) 5858
245 #0 - TITLE STATEMENT
Title Molecular luminescence
Remainder of title proceedings of the international conference held at Chicago, U S A, 20-23 August 1968
Statement of responsibility, etc. edited by E. C. Lim
260 ## - PUBLICATION, DISTRIBUTION, ETC.
Place of publication, distribution, etc. New York
Name of publisher, distributor, etc. W. A. Benjamin
Date of publication, distribution, etc. 1969
300 ## - PHYSICAL DESCRIPTION
Extent 910p.
650 ## - SUBJECT ADDED ENTRY--TOPICAL TERM
Topical term or geographic name entry element Light - visible radiation
9 (RLIN) 2024
650 ## - SUBJECT ADDED ENTRY--TOPICAL TERM
Topical term or geographic name entry element Luminescence
9 (RLIN) 5859
650 ## - SUBJECT ADDED ENTRY--TOPICAL TERM
Topical term or geographic name entry element NASA thesaurus
700 ## - ADDED ENTRY--PERSONAL NAME
Personal name Lim, E. C., ed.
9 (RLIN) 5860
710 ## - ADDED ENTRY--CORPORATE NAME
Corporate name or jurisdiction name as entry element Loyola University
9 (RLIN) 5861
942 ## - ADDED ENTRY ELEMENTS (KOHA)
Koha item type Books
Holdings
Withdrawn status Lost status Damaged status Not for loan Home library Current library Shelving location Date acquired Cost, normal purchase price Total Checkouts Full call number Barcode Date last seen Cost, replacement price Price effective from Koha item type Purchase Price
        IIA Library-Bangalore IIA Library-Bangalore General Stacks 23/09/1969 202.50   535.37(082.1)/ LIM 3658 05/11/2021 202.50 23/09/1969 Books Rs. 202.50

Powered by Koha